[Event "Kouty nad Desnou op-A"]
[Site "Kouty nad Desnou"]
[Date "2024.03.15"]
[Round "8"]
[White "Skrdle, Adam"]
[Black "Brychta, Adam"]
[Result "0-1"]
[WhiteElo "1431"]
[BlackElo "1528"]
[PlyCount "68"]
[EventDate "2024.03.09"]
[EventType "swiss"]
[EventRounds "9"]
[EventCountry "CZE"]
[SourceTitle "CB13_2024"]
[SourceDate "2024.03.27"]
[SourceVersion "1"]
[SourceVersionDate "2024.03.27"]
[SourceQuality "1"]

1. e4 e5 2. Bc4 Nc6 3. Nc3 Bc5 4. d3 d6 5. Bd2 Nf6 6. h3 Be6 7. Bb3 Qe7 8. Ba4 Bd7 9. Bg5 h6 10. Bh4 0-0 11. Nd5 Qd8 12. Bxc6 Bxc6 13. Nxf6+ gxf6 14. Qg4+ Kh7 15. Qf5+ Kg7 16. Ne2 Bd7 17. Qf3 Rg8 18. Ng3 Kh7 19. Nh5 Rg6 20. Nxf6+ Kh8 21. Nh5 Qxh4 22. Qxf7 Qxh5 23. Qxd7 Rxg2 24. Rf1 Qf3 25. Qf5 Rf8 26. Qxf3 Rxf3 27. 0-0-0 Rxh3 28. f4 Be3+ 29. Kb1 Bxf4 30. d4 Rhh2 31. dxe5 Bxe5 32. Rg1 Rxc2 33. Rdf1 Rxb2+ 34. Kc1 Rhf2 0-1